Dexter Characters by picture - Statistics

General Stats
  • This quiz has been taken 632 times
  • The average score is 14 of 20
Answer Stats
Picture Answer % Correct
Dexter Morgan
98%
Debra Morgan
94%
Angel Batista
92%
James Doakes
91%
Harry Morgan
88%
Vince Masuka
88%
Joey Quinn
85%
Maria LaGuerta
84%
Harrison Morgan
77%
Arthur Mitchell
75%
Frank Lundy
73%
Miguel Prado
73%
Hannah Mckay
60%
Rita Bennett
60%
Cody Bennett
55%
Lila West
55%
Astor Bennett
50%
Lumen Pierce
49%
Oliver Saxon
48%
Thomas Matthews
34%
No matching quizzes found
Score Distribution
Percent of People with Each Score
Percentile by Number Answered
Your Score History
You have not taken this quiz